How to run a one-man poultry farm.

Bibliographic Details
Main Author: Pearson, Haydn Sanborn
Format: Book
Language:English
Published: New York : Grosset & Dunlap, [1947]
Subjects:

MARC

Tag First Indicator Second Indicator Subfields
LEADER 00000cam a2200000 4500
001 in00000029694
005 20151007062908.0
008 761202s1947 nyua 00000 eng a
010 |a agr47000315  
035 |a (OCoLC)02591744 
035 |9 AAD6048AM 
040 |a DLC  |c OHI  |d OCL  |d TXA  |d UtOrBLW 
049 |a TXAM  |c [146770] 
050 0 |a SF487  |b .P37 
082 0 |a 636.508 
092 |a 636.508  |b P361h 
100 1 |a Pearson, Haydn Sanborn. 
245 1 0 |a How to run a one-man poultry farm. 
264 1 |a New York :  |b Grosset & Dunlap,  |c [1947] 
300 |a xii, 178 pages :  |b illustrations ;  |c 20 cm. 
336 |a text  |b txt  |2 rdacontent 
337 |a unmediated  |b n  |2 rdamedia 
338 |a volume  |b nc  |2 rdacarrier 
650 0 |a Poultry. 
740 0 |a One-man poultry farm. 
999 |a MARS 
999 f f |s 5daa75cb-1b02-3e76-a3a4-e2fecbfb8741  |i 103270ea-c3e4-3d77-a2ea-a477283db5b6  |t 0 
952 f f |p ric  |a Texas A&M University  |b Rellis Campus  |c Joint Library Facility  |d Remote Storage  |t 0  |e SF487 .P37  |h Library of Congress classification  |i unmediated -- volume  |m A14801092421 
998 f f |a SF487 .P37  |t 0  |l Remote Storage